000 01007cam a22001934a 4500
005 20250605163957.0
008 250528s ||||||||||||||||||||||||d
035 _a15513
020 _a201416956
040 _aGR-AtMCL
_bgre
_dGR-AtMCL
_eAACR2
245 1 _aEngineers in Business / The Principles of Management and Product Design
260 _bAllyn And Bacon,
_c1992
300 _a704
520 _aThis book presents the the relevant material in the context of technology-based businesses. Background, Business Ethics, Business Strategy and Technology, The Role of Technical Function, About People at Work, Technical Management, Technical Organizations and People, Technical Project Planning and Control, About Costs and Costing, Structured Product Design, Interface Topics, The Marketing and Sales Functions, The Production Function, Technical Project Evaluation and Choice, Basic Financial Accounting, Index.
700 1 _aLanigan Mike
_91449
942 _cBK
999 _c1089
_d1089